00921 a2200193 45000010006000000050017000060080041000230030015000640400040000790800073001192450028001922640080002203000024003005050325003240410008006491000026006577000023006837000021007066333920260407155930.0260407a1972 arg spa dAR-UNSa-BCEJYS aAR-UNSa-BCEJYSbspacAR-UNSa-BCEJYS a510xConsideraciones fundamentales y generales de las matemáticas 10aMatemáticas básicas 1aMéxico :bUnión Tipográfica Editorial Hispano-Americana (UTEHA)c1972 axii, 287 p.c23 cm. a1. El idioma de las matemáticas - 2. Organización de datos estadísticos – 3. Medidas estadísticas – 4. Repaso del algebra – 5. Relaciones entre variables – 6. El cálculo diferencial e integral: La matemática del cambio o variación – 7. Matrices y sus aplicaciones – 8. Algebra de conjuntos –  aspa1 aSpringer, Clifford H.1 aHerlihy, Robert E.1 aBeggs, Robert I.